Calendário países F1 2024 - Statistics

Estatísticas Gerais
  • Esse quiz foi jogado 59 vezes
  • A pontuação média é 11 de 24
Estatísticas das Respostas
Race Resposta % Correto
R1 Bahrein
92%
R2 Arábia Saudita
64%
R3 Austrália
64%
R4 Japão
61%
R5 China
58%
R24 Emirados Arabes Unidos
53%
R7 Itália
53%
R8 Mônaco
53%
R21 Brasil
50%
R23 Catar
44%
R14 Bélgica
42%
R10 Espanha
42%
R6 Estados Unidos
42%
R20 México
42%
R11 Áustria
39%
R19 Estados Unidos
39%
R22 Estados Unidos
39%
R16 Itália
39%
R12 Reino Unido
39%
R9 Canadá
36%
R18 Singapura
36%
R17 Azerbaijão
33%
R13 Hungria
33%
R15 Holanda
31%
Nenhum quiz correspondente encontrado
Distribuição das Pontuações
Porcentagem de Pessoas com Cada Pontuação
Percentil de Números Respondidos
Sua Pontuação Histórica
Você não jogou esse quiz